| 000 | 01456nam a2200373 a 4500 | ||
|---|---|---|---|
| 001 | 0000393 | ||
| 003 | DO-SdBNP | ||
| 005 | 20180309132041.0 | ||
| 007 | 0000393 | ||
| 008 | 091125s2008 dr a 000 0 spa d | ||
| 020 | _a97899452085 | ||
| 040 |
_aBPMSU _bspa _cBPMSU |
||
| 092 |
_a 372.832 _bC238c, 1ro. 2008 |
||
| 100 | 1 | _aCapellán Almonte, Fanny | |
| 245 | 1 | 0 |
_aCívica 1 : _b[educación básica] / _c Fanny Capellán Almonte ; dirección editorial Obdulia García de Escobar ; ilustración José Amado Polanco |
| 260 |
_aSanto Domingo : _bSantillana, _c2008. |
||
| 300 |
_a55 p. : _bil. ; _c28 cm. |
||
| 490 | 1 | _acoral | |
| 500 | _aLa biblioteca solamente posee la guía. Edición anotada para el profesor y profesora. | ||
| 500 | _aLa biblioteca solamente posee la guía | ||
| 505 | 0 |
_tLa convivencia familar -- _tMi escuela -- _t Mi comunidad -- _t Mis derechos -- _tEl trabajo -- _tMi país -- |
|
| 650 |
_aEDUCACIÓN CÍVICA _xENSEÑANZA BÁSICA |
||
| 650 |
_aEDUCACIÓN CÍVICA _xEDUCACIÓN PRIMARIA |
||
| 650 |
_aEDUCACIÓN PRIMARIA _zREPÚBLICA DOMINICANA |
||
| 650 |
_aEDUCACIÓN CÍVICA _xLIBROS DE TEXTOS |
||
| 650 |
_aEDUCACIÓN CÍVICA _xESTUDIOS Y EJERCICIOS |
||
| 700 | 1 |
_aGarcía Escobar, Obdulia de, _eed. |
|
| 700 | 1 |
_aAmado Polanco, José _eil. |
|
| 830 | 0 | _acoral | |
| 910 | _aValidado. Control de calidad MFF | ||
| 942 |
_2ddc _cBK |
||
| 945 | _a Remanejado para la BNPHU / 2018 VM | ||
| 956 |
_aYngrid Lockward _b10 |
||
| 999 |
_c10274 _d10274 |
||